At work in the Informal economy of India : (Record no. 104011)

MARC details
000 -LEADER
fixed length control field 00668nam a22001937a 4500
005 - DATE AND TIME OF LATEST TRANSACTION
control field 20161014142823.0
010 ## - LCCN (DPL NO)
LC control number ENG-116208
020 ## - INTERNATIONAL STANDARD BOOK NUMBER
International Standard Book Number 9780199467716
Terms of availability 650.00
035 ## - SYSTEM CONTROL NUMBER
System control number EN-99740
037 ## - SOURCE OF ACQUISITION
Source of stock number/acquisition DBAD/PUB
082 04 - DEWEY DECIMAL CLASSIFICATION NUMBER
Classification number 338.6420954
100 ## - MAIN ENTRY--PERSONAL NAME
Personal name Breman,Jan
245 04 - TITLE STATEMENT
Title At work in the Informal economy of India :
Statement of responsibility, etc by Jan Breman
Remainder of title a prespective from the bottom up /
260 ## - PUBLICATION, DISTRIBUTION, ETC. (IMPRINT)
Place of publication, distribution, etc New Delhi
Name of publisher, distributor, etc Oxford University press
Date of publication, distribution, etc 2016
270 ## - ADDRESS
Address YMCA Library Building,1 Jaisingh Road
City New Delhi
Postal code 110001
300 ## - PHYSICAL DESCRIPTION
Extent xiii,457 pages :
Dimensions 22cm(pbk)
500 ## - GENERAL NOTE
General note Includes bibliographical references and index.
942 ## - ADDED ENTRY ELEMENTS (KOHA)
Source of classification or shelving scheme Dewey Decimal Classification
Item type English Books
Classification part 338.64220954
Call number suffix BRE
Holdings
Withdrawn status Lost status Not for loan Collection code Home library Current library Date acquired Source of acquisition Cost, normal purchase price Full call number Barcode Copy number Cost, replacement price Koha item type
      Non-fiction Ashok Vihar Ashok Vihar 14/10/2016 DBAD/PUB 650.00 338.64220954 BRE EN-99740 1 650.00 English Books

© Delhi Public Library
Hit Counter
free hit counter